Imperial to International : A History of St John's Cathedral, Hong Kong /
Founded in 1849, St John's Cathedral is the oldest, neo-gothic cathedral in East Asia and China's oldest surviving, still-operating Anglican church. In its early decades, the cathedral was the center of Hong Kong colonial life. Today, it has drawn in other Hong Kong communities, becoming a...
| Clasificación: | Libro Electrónico |
|---|---|
| Autor principal: | |
| Autor Corporativo: | |
| Formato: | Electrónico eBook |
| Idioma: | Inglés |
| Publicado: |
Hong Kong [China] :
Hong Kong University Press,
2013
|
| Colección: | Sheng Kung Hui: historical studies of Anglican Christianity in China.
Book collections on Project MUSE. |
| Temas: | |
| Acceso en línea: | Texto completo |
MARC
| LEADER | 00000cam a22000004a 4500 | ||
|---|---|---|---|
| 001 | musev2_22709 | ||
| 003 | MdBmJHUP | ||
| 005 | 20230905042421.0 | ||
| 006 | m o d | ||
| 007 | cr||||||||nn|n | ||
| 008 | 130712r20132013cc o 00 0 eng d | ||
| 020 | |a 9789882208469 | ||
| 020 | |z 9789888139873 | ||
| 035 | |a (OCoLC)843532263 | ||
| 040 | |a MdBmJHUP |c MdBmJHUP | ||
| 043 | |a a-cc-hk | ||
| 050 | 4 | |a BX5677.H65 |b W65 2013 | |
| 100 | 1 | |a Wolfendale, Stuart. | |
| 245 | 1 | 0 | |a Imperial to International : |b A History of St John's Cathedral, Hong Kong / |c Stuart Wolfendale ; with a foreword by Paul Kwong. |
| 264 | 1 | |a Hong Kong [China] : |b Hong Kong University Press, |c 2013 | |
| 264 | 3 | |a Baltimore, Md. : |b Project MUSE, |c 2013 | |
| 264 | 4 | |c ©2013 | |
| 300 | |a 1 online resource (368 pages): |b ill. (some col.), digital file. | ||
| 336 | |a text |b txt |2 rdacontent | ||
| 337 | |a computer |b c |2 rdamedia | ||
| 338 | |a online resource |b cr |2 rdacarrier | ||
| 490 | 0 | |a Sheng Kung Hui : historical studies of Anglican Christianity in China | |
| 500 | |a Issued as part of book collections on Project MUSE. | ||
| 504 | |a Includes bibliographical references (p. [287]-301) and index. | ||
| 505 | 0 | |a Foreword / by Paul Kwong -- Introduction -- Genesis, 1841-1850 -- Imperial parish, 1850-1873 -- Quiescence and struggle, 1873-1906 -- The search for substance, 1902-1927 -- The making of a cathedral, 1927-1941 -- Out of darkness, 1941-1953 -- Shedding colonialism, 1953-1976 -- Towards an international church, 1976-1992 -- Into the 'Chinese century' -- Appendices -- 1. List of Chaplains, Deans and Bishops -- 2. List of Stipendiary Assistant Chaplains and Chaplains -- Notes -- Bibliography -- Index. | |
| 506 | |a Access restricted to authorized users and institutions. | ||
| 520 | |a Founded in 1849, St John's Cathedral is the oldest, neo-gothic cathedral in East Asia and China's oldest surviving, still-operating Anglican church. In its early decades, the cathedral was the center of Hong Kong colonial life. Today, it has drawn in other Hong Kong communities, becoming a truly international church with services in several languages. This first comprehensive history of St John's traces the cathedral's role as a colonial parish church and as a bishop's seat for a diocese stretching across China and beyond. It also discusses St John's significance as a center of modern worship for a growing cosmopolitan community. | ||
| 588 | |a Description based on print version record. | ||
| 610 | 2 | 0 | |a St. John's Cathedral (Hong Kong, China) |x History. |
| 650 | 0 | |a Anglican Communion |z China |z Hong Kong |x History. | |
| 650 | 0 | |a Cathedrals |z China |z Hong Kong. | |
| 651 | 0 | |a Hong Kong (China) |x Church history. | |
| 655 | 7 | |a Electronic books. |2 local | |
| 710 | 2 | |a Project Muse. | |
| 776 | 1 | 8 | |i Print version: |z 9888139878 |z 9789888139873 |
| 710 | 2 | |a Project Muse. |e distributor | |
| 830 | 0 | |a Sheng Kung Hui: historical studies of Anglican Christianity in China. | |
| 830 | 0 | |a Book collections on Project MUSE. | |
| 856 | 4 | 0 | |z Texto completo |u https://projectmuse.uam.elogim.com/book/22709/ |
| 945 | |a Project MUSE - Custom Collection | ||
| 945 | |a Project MUSE - 2013 History | ||
| 945 | |a Project MUSE - 2013 Asian and Pacific Studies | ||
| 945 | |a Project MUSE - 2013 Complete | ||


